Suelos del trópico : Características y manejo
| Main Author: | |
|---|---|
| Format: | Section = Libro |
| Language: | Undetermined Spanish |
| Published: |
México
Instituto interamericano de cooperación para la agricultura
1981
|
| Subjects: |
| LEADER | 00776nam a2200241Ia 4500 | ||
|---|---|---|---|
| 008 | 240830s9999 xx 000 0 und d | ||
| 020 | |a 92-9039-017-4 | ||
| 040 | |a B-ESTELÍ- RUACS / 631.4 S194 | ||
| 041 | |a spa | ||
| 082 | |a 631.4 S194 | ||
| 100 | 1 | |a Sánchez, Pedro A. | |
| 245 | 1 | 0 | |a Suelos del trópico : Características y manejo |
| 260 | |a México |b Instituto interamericano de cooperación para la agricultura |c 1981 | ||
| 300 | |a 496 p:il | ||
| 650 | 7 | |a PROBLEMAS DEL RIEGO | |
| 650 | 7 | |b EL SUELO COMO MEDIO DE DESARROLLO DE LAS PLANTAS | |
| 650 | 7 | |c RELACIONES ENTRE EL SUELO Y EL AGUA | |
| 650 | 7 | |d RELACIONES ENTRE EL SUELO Y EL AGUA Y LA PLANTA | |
| 650 | 7 | |e EL PROBLEMA DE LA SAL | |
| 650 | 7 | |f DRENAJE. | |
| 942 | |c BK |2 ddc | ||
| 991 | |a TEXTO | ||
| 999 | |c 11324 | ||